LEADER 01059nam0-2200301---450- 001 990008368960403321 005 20080605082111.0 035 $a000836896 035 $aFED01000836896 035 $a(Aleph)000836896FED01 035 $a000836896 100 $a20060727d1970----km-y0itay50------ba 101 0 $ager 102 $aDE 105 $aa-------001yy 200 1 $a<>bayerisch-bohmische Grenzgebirge als Bereich der Sammelwirtschaft$fH. Rasso P. Ruppert 210 $aNurnberg$cim Selbstverlag des Wirtschafts- und Sozialgeographischen Instituts der Friedrich-Alexander-Universitat$d1970 215 $a90, XII p., 8 c.$cill.$d23 cm 225 1 $aNurnberger wirtschafts- und sozialgeographische Arbeiten$v12 610 0 $aGermania$aEconomia 700 1$aRuppert,$bH.-Rasso P.$0308783 801 0$aIT$bUNINA$gRICA$2UNIMARC 901 $aBK 912 $a990008368960403321 952 $aPeriod.018(012)$bIst. s.i.$fILFGE 959 $aILFGE 996 $aBayerisch-bohmische Grenzgebirge als Bereich der Sammelwirtschaft$9724051 997 $aUNINA LEADER 01119nam0-22003491i-450 001 990000777450403321 005 20240523111824.0 035 $a000077745 035 $aFED01000077745 035 $a(Aleph)000077745FED01 035 $a000077745 100 $a20001010d1982----km-y0itay50------ba 101 0 $aita 102 $aIT 105 $aa---c---001yy 200 1 $aTorino anni '30 nelle foto di Leonardo Cornacchia$fa cura di Giovanni Brino$gpresentazione di Enzo Biffi Gentile 210 $aTorino$cComune di Torino$eFirenze$cAlinea Editrice$d1982 215 $a130 p.$cin gran parte ill.$d24 cm 225 1 $aArredo urbano$fcollana diretta da Giovanni Brino$v2 610 0 $aFotografie 610 0 $aArredo urbano 676 $a770.92 700 1$aCornacchia,$bLeonardo$038536 702 1$aBrino,$bGiovanni$f<1936- > 801 0$aIT$bUNINA$gRICA$2UNIMARC 901 $aBK 912 $a990000777450403321 952 $aURB.LE B 777$b3789$fFARBC 952 $aURB.LE B 3537$b309/2024$fFARBC 959 $aFARBC 996 $aTorino anni '30 nelle foto di Leonardo Cornacchia$9351135 997 $aUNINA